| 000 | 01247cam a22003377a 4500 | ||
|---|---|---|---|
| 003 | CHAP | ||
| 005 | 20220329141918.0 | ||
| 008 | 980529s1996 br ra 10010 por d | ||
| 010 | _a75624 | ||
| 011 | _a76596 | ||
| 035 | _a86181 | ||
| 040 | _cCHAP | ||
| 082 | 0 | 4 |
_a634.063 _bB7 1996 |
| 111 | 0 | 0 |
_aBraziliam Fruit Science Congress _n(14 : _d1996 : _cCuritiba, P. R. Brasil) _915177 |
| 245 | 1 | 0 |
_aAbstracts _c/by Brazilian Fruit Crop Society |
| 260 |
_aLondina, Brasil : _bBrazilian Fruit Crop Society, _c1996 |
||
| 300 | _a561 p. | ||
| 590 |
_aBATCH-UPD _b10 _c20130110 _lUCH01 _h0449 |
||
| 590 |
_aBATCH-UPD _b10 _c20130410 _lUCH01 _h0126 |
||
| 590 |
_aBATCH-UPD _b10 _c20130914 _lUCH01 _h0748 |
||
| 590 |
_aCONVERSION _b10 _c20130109 _lUCH01 _h1341 |
||
| 650 | 1 | 4 |
_aFruticultura _xCongresos. _943712 |
| 650 | 1 | 4 |
_aHorticultura _xCongresos. _956318 |
| 650 | 1 | 4 |
_aMirtáceas. _976153 |
| 711 | 0 | 2 |
_aInteramerican Society for Tropical Horticulture. Annual Meeting _n(42 : _d1996 : _cCuritiba, P. R. Brasil) _959517 |
| 711 | 0 | 2 |
_aInternational Symposium of Myrtaceae _d(1996 : _cCuritiba, P. R. Brasil) _959866 |
| 901 | _aBK | ||
| 905 | _aLilia Sánchez G. | ||
| 942 | _cLIBRO | ||
| 949 |
_a634.063 B7 1996 _bBC _cLIBRO _d33724000691481 _eLIBRO _h92696 _i86181 _sb |
||
| 999 |
_c75624 _d75624 |
||